MDQL
is popping MORE tags! Check the
thread
!
Quizzes
Events
Quiz Creation
Community
Videos
Private Events
Remove Ads
Sign In
Join for FREE
Feedback
Dark Mode
Quiz Categories
Sports
Geography
Music
Movies
Television
Just For Fun
Miscellaneous
History
Literature
Language
Science
Gaming
Entertainment
Religion
Holiday
For Kids
Quiz Lab
Recent
Popular Today
Quiz Kudos Today
Editor Picks
Curator Picks
Quizzes by...
Day
Popularity
Type
Ratings
Length
Year
Community
Subscriptions
Recent Discussions
Orange Saloon
Badges
Playlists
Quests
Create
Leaderboards
Showdown
Live 5
Trivia Bingo
Activity
Puzzle Library
Sporcle Events
Private Events
Virtual Trivia
Globe League
Become a Host
Pub Owners
SporcleCon
Opinionation
Our Games
Videos
Blog
Mobile Apps
Partnerships
Remove Ads and Go Orange
Feedback
History
US Presidents
World Leaders
Politics
Nation
Discovery
War
Decade
Year
Century
Biography
Art
History
US Presidents
World Leaders
Politics
Nation
Discovery
War
Decade
Year
Century
Biography
Art
Random Quiz
Search Sporcle
×
Quiz Lab
Quiz Lab
History
economics
Type in answers that appear in a list
Type in answers that appear in a list
Classic
Best Score? Go Orange.
US HISTORY: ECONOMICS 5 Stats
Can you name the history facts?
By
APUSH4
10m
8 Questions
58 Plays
58 Plays
58 Plays
Comments
Comments
Give Quiz Kudos
Give Quiz Kudos
-
- Ratings
hide this ad
Replay
Link that replays current quiz
Next Quiz
Link to next quiz in quiz playlist
You Got
0%
They Got
Avg Score
33%
Avg Friend Score
Upgrade to see
Score Distribution
Jump to the score distribution portion of the page
Score
0/8
Timer
10:00
0
Plays Today
hint
answer
% Correct
helped revive European hopes and spark an impressive economic recovery
Marshall Plan
67.2%
enabled veterans to buy new homes with little or no down payments with modest monthly payments
G.I. Bill
58.6%
term given to describe President Reagan's supply-
side economic program
Reaganomics
53.4%
The 'graying' of America's population in the early part of the twenty-
first century posed a threat to the longterm viability of what?
social security
39.7%
act designed to curb the power of labor unions
Taft-Hartley Act
27.6%
President Kennedy's response to the Soviet's launching of Sputnik
National Defense Education Act
8.6%
during whose presidency did U.S. national debt skyrocket?
Barack Obama
8.6%
appropriated $25 billion to construct a 40,000 mile system of interstate highways
Federal Highway Act of 1956
5.2%
Quiz Playlist
Details
Report
Send in Message
Add To Playlist
Classic:
Type in answers that appear in a list
Last Updated: Feb 16, 2017
Quiz Scoreboard
CHALLENGE
Sign Up to Join the Scoreboard
Show All
Scores
Hide
Comments
May contain spoilers
Recently Published
Two Season TV Shows II
by 123Four
Television
10m
Image Sorting: Flags VI
by Barbecue
Geography
2m
Find the 'City' Movie
by crazypaving
Movies
60s
More to Explore
Quiz From the Vault
Featured Blog Post
14 Easter Pick-up Lines to Find Eggs With
hide this ad
You Might Also Like...
Tags
economics
Extra
Today's Top Quizzes in History
Browse History
hide this ad
Today's Top Quizzes in economics
Browse economics
Top Contributed Quizzes in History
1
I Am Born On March 29th
2
Order Up: 1000 Years of World Events I
3
US National Parks Named After People
4
Popular People in 1991
5
Popular People in 1951
6
Popular People in 1941
7
Popular People in 1981
8
Popular People in 1986
9
Popular People in 1921
10
Popular People in 1976
Explore More
Trending Topics
Marvel
Crossword
Anime
Harry Potter
Disney
Kpop
NBA
WWE
NFL
Song
Puzzle
The Office
Soccer
Country
Pokémon
hide this ad
More By:
APUSH4
Quiz
Plays
Rating
Category
Featured
Created
US HISTORY: SOCIAL 1
157
1.50
History
Apr 30, 2011
Chinese Culture
128
2.20
History
May 23, 2011
US HISTORY: ECONOMICS 1
109
2.00
History
Apr 30, 2011
US HISTORY: SOCIAL 2
88
1.00
History
Apr 30, 2011
US HISTORY: ECONOMICS 2
75
2.00
History
Apr 30, 2011
Go to Creator's Profile
Score Distribution
Quiz Creator Spotlight
APUSH4
Follow
Send a Message
Quizzes Created
-
Created Quiz Play Count
-
More By This Creator
Popular Quizzes Today
1
Find the US States - No Outlines Minefield
2
Colored Red Africa Blitz
3
Find the 'City' Movie
4
5x2 Blitz: Bands
5
The Countries of the World
6
Find the Countries of Europe - No Outlines Minefield
7
Find the US States
8
US States
More History Quizzes
Historical Tweets
Published
Trending Quizzes
Colored Red Europe Blitz I
Colored Red Africa Blitz II
Colored Red Europe Blitz II
Colored Red Europe Blitz III
Colored Red Africa Blitz III
Recently Updated
How Do You Spell That?
pecheneg
Godzilla Movies
pecheneg
Grab Bag: 4-10 Letters
pecheneg
2024 March Madness Bracket
pecheneg
Famous TV Couples
Peacemaker
Champions League XIs: Real Madrid
pecheneg
Largest US Cities 1790-2010
pecheneg
Rides in Walt Disney World
pecheneg
Most Oscar Losses (Acting)
pecheneg
Beyoncé Albums
pecheneg
Trending Topics
Harry Potter
Crossword
Marvel
Anime
Disney
NBA
Kpop
Puzzle
WWE
Song
Pokémon
Soccer
Country
The Office
NFL
Your Account Isn't Verified!
In order to create a playlist on Sporcle, you need to verify the email address you used during registration. Go to your
Sporcle Settings
to finish the process.
Report this User
Report this user for behavior that violates our
Community Guidelines
.
Details:
Send Report
Go to the Sporcle.com Mobile Site →
Comments